000
002470000a22000970004500
100
1
_a
Stott, John
245
1
0
_a
Evangelism throught the local church
300
_a
Vol 16, Núm 58 (1989), Páginas 8-10
773
0
_t
World Evangelization
942
_c
ANA
999
_c
57897
_d
57897